000 00295nam a22001217a 4500
008 181127b xxu||||| |||| 00| 0 eng d
041 _aeng
080 _a043.3
100 _a0
101 _aMTH-SHKI
245 _aImplementimi i sistemit të njohëhjes së Irisit
_cHodolli,A
942 _2udc
_cBK
999 _c52613
_d52613